LEADER 03749nam 22007091 450 001 9910452080403321 005 20150225142354.0 010 $a0-567-66082-6 010 $a1-280-57907-2 010 $a9786613608833 010 $a0-567-07369-6 024 7 $a10.5040/9780567660824 035 $a(CKB)2550000000101280 035 $a(EBL)918772 035 $a(OCoLC)793996919 035 $a(SSID)ssj0000662944 035 $a(PQKBManifestationID)11400558 035 $a(PQKBTitleCode)TC0000662944 035 $a(PQKBWorkID)10722725 035 $a(PQKB)10688849 035 $a(MiAaPQ)EBC918772 035 $a(Au-PeEL)EBL918772 035 $a(CaPaEBR)ebr10562635 035 $a(CaONFJC)MIL360883 035 $a(OCoLC)825764135 035 $a(UtOrBLW)bpp09258328 035 $a(EXLCZ)992550000000101280 100 $a20150227d2012 uy 0 101 0 $aeng 135 $aur|n|---||||| 181 $ctxt 182 $cc 183 $acr 200 10$aIs Paul also among the prophets? $ean examination of the relationship between Paul and the old testament prophetic tradition in 2 Corinthians /$fJeffrey W. Aernie 210 1$aLondon ;$aNew York :$cT & T Clark,$d2012. 215 $a1 online resource (313 p.) 225 1 $aLibrary of New Testament studies ;$v467 225 1 $aT & T Clark library of biblical studies 300 $aDescription based upon print version of record. 311 $a0-567-03207-8 311 $a0-567-17572-3 320 $aIncludes bibliographical references and index. 327 $aIntroduction -- Chapter 1: The Development of the Prophetic Tradition -- Chapter 2: The Prophetic Tradition in 1 Corinthians -- Chapter 3: Paul's Prophetic Self-Presentation in 2 Corinthians -- Chapter 4: Paul's Prophetic Rhetoric in 2 Corinthians -- Conclusion. 330 $a"Aernie examines the prophetic material in the Old Testament and its relationship with the prophetic material in Second Temple Judaism, Hellenism, and the early Christian movement. The subsequent analysis of 1 Corinthians constitutes an investigation of the effect of the Old Testament prophetic tradition on Paul's self-presentation in 1 Cor 9.15-18 and rhetorical framework in 1 Cor 14.20-25 as a methodological foundation for the exegetical analysis of 2 Corinthians. Aernie explores the influence of the Old Testament prophetic tradition on Paul's apostolic self-presentation and rhetoric in 2 Corinthians. The analysis of Paul's self-presentation examines the apostle's relationship with Moses, the Isaianic servant, and Jeremiah in order to define Paul's position with regard to the preceding prophetic tradition. Aernie analyses Paul's argument in 2 Cor 2.14-16; 4.1-6; 6.14-7.1; 12.1-10 then seeks to examine the influence of the Old Testament prophetic tradition on the formation of Paul's rhetorical framework. Aernie's intention is to provide support for the notion that the particularly prophetic nature of Paul's apostolic persona affects both his self-presentation and rhetorical agenda in 2 Corinthians."--Bloomsbury Publishing. 410 0$aLibrary of New Testament studies ;$v467. 410 0$aT & T Clark library of biblical studies. 606 $aProphecy$xChristianity 606 $aProphecy$xJudaism 606 $aProphets in the New Testament 606 $2Biblical studies & exegesis 608 $aElectronic books. 615 0$aProphecy$xChristianity. 615 0$aProphecy$xJudaism. 615 0$aProphets in the New Testament. 676 $a227.206 700 $aAernie$b Jeffrey W.$0977336 801 0$bUtOrBLW 801 1$bUtOrBLW 906 $aBOOK 912 $a9910452080403321 996 $aIs Paul also among the prophets$92226396 997 $aUNINA LEADER 00708nam0-2200253 --450 001 9910594384803321 005 20221013090945.0 100 $a20221013d1939----kmuy0itay5050 ba 101 0 $aita 102 $aIT 105 $a 001yy 200 1 $a"Mancipatio"$fEdoardo Volterra 210 $aTorino$cUTET$d1939 215 $a.p. 1-4$d21 cm 300 $aVoce estratta dal Nuovo digesto italiano, diretto da Mariano D'Amelio 676 $a340$v23$zita 700 1$aVolterra,$bEdoardo$0230387 801 0$aIT$bUNINA$gREICAT$2UNIMARC 901 $aBK 912 $a9910594384803321 952 $aBibl. Solazzi Busta 9 (1) 2$b64354$fFGBC 959 $aFGBC 996 $aMancipatio$91716069 997 $aUNINA LEADER 00740nam0-2200289 --450 001 9910623697703321 005 20221116121728.0 020 $aIT$b8011076 100 $a20221116d1980----kmuy0itay5050 ba 101 0 $aita 102 $aIT 105 $a 001yy 200 1 $aAlberi e arbusti$fPaola Lanzara 210 $aMilano$cFabbri$d1980 215 $a115 c.$cill.$d15x15 cm 225 1 $aCome riconoscere$v8 610 0 $aAlberi 610 0 $aArbusti 676 $a582.16$v19 700 1$aLanzara,$bPaola$038641 801 0$aIT$bUNINA$gREICAT$2UNIMARC 901 $aBK 912 $a9910623697703321 952 $aFONDO ROSSI 1091$bROSSI 1131$fFARBC 959 $aFARBC 996 $aAlberi e arbusti$92963633 997 $aUNINA LEADER 04591nam 2200601Ia 450 001 9910779527203321 005 20200520144314.0 010 $a1-61942-373-1 035 $a(CKB)2550000001040565 035 $a(EBL)3017659 035 $a(SSID)ssj0000826854 035 $a(PQKBManifestationID)12281273 035 $a(PQKBTitleCode)TC0000826854 035 $a(PQKBWorkID)10819622 035 $a(PQKB)10799424 035 $a(MiAaPQ)EBC3017659 035 $a(Au-PeEL)EBL3017659 035 $a(CaPaEBR)ebr10654630 035 $a(OCoLC)847715136 035 $a(EXLCZ)992550000001040565 100 $a20111208d2012 uy 0 101 0 $aeng 135 $aur|n|---||||| 181 $ctxt 182 $cc 183 $acr 200 00$aIce sheets$b[electronic resource] $edynamics, formation and environmental concerns /$fJonas Muller and Luka Koch, editors 210 $aHauppauge, NY $cNova Science Publisher's, Inc.$dc2012 215 $a1 online resource (224 p.) 225 0 $aEarth sciences in the 21st century 300 $aIncludes index. 311 $a1-61942-367-7 327 $a""ICE SHEETS: DYNAMICS, FORMATION AND ENVIRONMENTAL CONCERNS""; ""ICE SHEETS: DYNAMICS, FORMATION AND ENVIRONMENTAL CONCERNS""; ""Library of Congress Cataloging-in-Publication Data""; ""CONTENTS""; ""PREFACE""; ""Chapter 1: ICE SHEET DYNAMICS: OCEANS TRAPPED ON LAND""; ""NORTHERN HEMISPHERE""; ""SOUTHERN HEMISPHERE""; ""REFERENCES""; ""Chapter 2: STRATIGRAPHY, PALEOENVIRONMENTSAND PROVENANCE OF LATE PLEISTOCENEGLACIAL SEDIMENTS IN THE SOUTHEASTERNGREAT LAKES REGION:IMPLICATIONSFOR ICE SHEET DYNAMICS""; ""ABSTRACT""; ""INTRODUCTION""; ""STUDY AREA AND GEOLOGIC SETTING"" 327 $a""MATERIALS AND METHODS""""STRATIGRAPHY""; ""LITHOFACIES ANALYSIS""; ""PROVENANCE ANALYSIS""; ""INTERPRETATION""; ""DISCUSSION""; ""CONCLUSION""; ""ACKNOWLEDGMENTS""; ""REFERENCES""; ""Chapter 3: UNITED STATES CONTRIBUTION TO ANTARCTICGLACIOLOGY: A PERSONAL PERSPECTIVE""; ""ABSTRACT""; ""INTRODUCTION""; ""1950 - 1960""; ""1960 - 1970""; ""1970 - 1980""; ""1980 - 1990""; ""1990 - 2000""; ""2000 - 2010""; ""ACKNOWLEDGMENTS""; ""Chapter 4: GREENLAND ICE SHEET DYNAMICS AND GLACIALEARTHQUAKE ACTIVITIES""; ""ABSTRACT""; ""INTRODUCTION""; ""CRYOSEISMIC SIGNALS IN POLAR REGION"" 327 $a""ICE SHEET DYNAMICS IN GREENLAND""""GLACIAL EARTHQUAKES""; ""STATISTICS ON SEISMICITY""; ""ICE SHEET MONITORING NETWORK""; ""CONCLUSION""; ""ACKNOWLEDGMENTS""; ""REFERENCES""; ""Chapter 5: MODELING THE ANTARCTIC ICE SHEETAND ICE SHELVES: ASSESSING THE EFFECTSOF UNCERTAINTY ON THE MODELPARAMETERS BY SENSITIVITY ANALYSIS""; ""1. Introduction""; ""2. The Model""; ""2.1. Basic equations for the ice sheet""; ""2.2. Basic equations for the ice shelf""; ""2.3. Boundary conditions""; ""2.4. Numerical model""; ""2.5. Input data of the model""; ""2.6. Output of the model"" 327 $a""3. The Sensitivity Analysis""""3.1. Definition of sensitivity indices""; ""3.2. Control variables and model outcomes""; ""4. Results""; ""4.1. Results of the model""; ""4.2. Results of the sensitivity analysis""; ""5. Conclusion""; ""Acknowledgments""; ""References""; ""Chapter 6: IMPLICATIONS OF COMPLEX GLACIALDEPOSITS FOR TILL GEOCHEMICAL EXPLORATION:EXAMPLES FROM THE CENTRALFENNOSCANDIAN ICE SHEET""; ""ABSTRACT""; ""INTRODUCTION""; ""GEOLOGICAL SETTINGS""; ""METHODS IN SURFICIAL GEOLOGICAL EXPLORATION""; ""GLACIGENIC DEPOSITION""; ""TILL GEOCHEMISTRY AND HEAVYMINERALS IN EXPLORATION"" 327 $a""CONCLUSION""""REFERENCES""; ""Chapter 7: THE FORMER TIBETAN ICE SHEET""; ""ABSTRACT""; ""1. THE PLANETARY AND HYPSOMETRIC CHANGE OF FORMS IN ITSIMPORTANCE FOR THE GLOBAL GLACIER DISTRIBUTION""; ""2. THE INTERFERENCE OF SNOWLINE AND RELIEF""; ""3. THE ENERGETIC DIFFERENCE BETWEEN ICE COVERS IN HIGHAND LOW LATITUDES""; ""4. THE THEORETICAL FRAME-CONDITIONS OF A COVERING INLANDICE (ICE SHEET) ON THE TIBETAN HIGH PLATEAU""; ""5. QUATERNARY-GEOMORPHOLOGICAL AND GEOLOGICAL FIELDANDSEDIMENTOLOGICAL LABORATORY FINDINGS IN THE TIBETANHIGH PLATEAU AND ITS FRINGING MOUNTAINS"" 327 $a""6. THE LACK OF GLACIAL END MORAINES ON THETIBETAN PLATEAU"" 410 0$aEarth Sciences in the 21st Century 606 $aIce sheets 606 $aGlaciers 615 0$aIce sheets. 615 0$aGlaciers. 676 $a511.31 701 $aMu?ller$b Jonas Adrian$f1968-$01523863 701 $aKoch$b Luka$01523864 801 0$bMiAaPQ 801 1$bMiAaPQ 801 2$bMiAaPQ 906 $aBOOK 912 $a9910779527203321 996 $aIce sheets$93764199 997 $aUNINA LEADER 03883nam 2200721 450 001 9910786786803321 005 20231206212800.0 010 $a9781472422600 010 $a1-315-58750-5 010 $a1-317-11983-5 010 $a1-317-11982-7 010 $a1-4724-2260-0 035 $a(CKB)3710000000202257 035 $a(EBL)1746983 035 $a(SSID)ssj0001261998 035 $a(PQKBManifestationID)11732599 035 $a(PQKBTitleCode)TC0001261998 035 $a(PQKBWorkID)11211544 035 $a(PQKB)10058317 035 $a(Au-PeEL)EBL1746983 035 $a(CaPaEBR)ebr10897217 035 $a(CaONFJC)MIL922475 035 $a(OCoLC)884647611 035 $a(MiAaPQ)EBC1746983 035 $a(MiAaPQ)EBC5312812 035 $a(EXLCZ)993710000000202257 100 $a20140805h20142014 uy 0 101 0 $aeng 135 $aur|n|---||||| 181 $ctxt 182 $cc 183 $acr 200 10$aHuman rights and the body $ehidden in plain sight /$fAnnabelle Mooney 210 1$aSurrey, [England] ;$aBurlington, Vermont :$cAshgate,$d2014. 210 4$dİ2014 215 $a1 online resource (235 p.) 225 1 $aLaw, Language and Communication 300 $aDescription based upon print version of record. 311 $a1-322-09529-9 311 $a1-4724-2259-7 320 $aIncludes bibliographical references and index. 327 $aCover; Contents; List of Tables; Acknowledgements; Introduction: We Were Promised Jet Packs; 1 Universals and Foundations; Universality of Human Rights; Culture and Human Rights; (Anti) Foundations; The Current System; The Origin of Human Rights; Humane Models; The Human; Conclusion; 2 The Blinded Body; Bodies of Data; The Fields; Breaching, Balancing and the Monster; Particular Human Rights; The Singular Human Right; Frames; Conclusion; 3 The Body; Real Bodies; The Absent Body; Searching for the Soul of the Body; Conclusion; 4 The Body, the Index and the Other; The Body and the World 327 $aBefore the Zero InstitutionThis is My Body ; The Body as Index; Is and Ought; Bodies in the World: Climate Theory; Homo Sacer; The Other; 5 The Living Body; Water as a Human Right; Plachimada: People and Property; Thirsty Corporations; Money and Sense; The Public Trust; Roman Law; Anticipatory Negligence; Trust and the Political Order; A Coda; 6 The Embodied Mind; The Body and the Mind; Metaphor; Thought, Feeling and Space; What is Universal?; Bad Biology; Step Outside; 7 The Linguistic Body; Natural Semantic Metalanguage; NSM and Human Rights; Dehumanisation; What Makes Us Inhuman? 327 $aRoot CausesConclusion; Conclusion: Three Rights and Three Frames; References; Index 330 $aThis study brings research in linguistics and the way in which the body is written upon to bear on discourse on human rights and the body. Drawing on legal concepts and aspects of the law of human rights, the study argues that the proper frames for human rights are firstly the human body, seen as an index reliant on the natural world, secondly the globe and finally, language. These three frames generate rights to food, water, sleep and shelter, environmental protection and a right against dehumanization. 410 0$aLaw, language and communication. 606 $aHuman rights$xLanguage 606 $aHuman body$xLaw and legislation$xLanguage 606 $aSociological jurisprudence 606 $aSociolinguistics 615 0$aHuman rights$xLanguage. 615 0$aHuman body$xLaw and legislation$xLanguage. 615 0$aSociological jurisprudence. 615 0$aSociolinguistics. 676 $a342.08/5 700 $aMooney$b Annabelle$f1974-$01568322 801 0$bMiAaPQ 801 1$bMiAaPQ 801 2$bMiAaPQ 906 $aBOOK 912 $a9910786786803321 996 $aHuman rights and the body$93840451 997 $aUNINA LEADER 01266oam 2200409zu 450 001 996218713703316 005 20210807001435.0 010 $a1-4244-8797-8 035 $a(CKB)2670000000054088 035 $a(SSID)ssj0000452109 035 $a(PQKBManifestationID)12166060 035 $a(PQKBTitleCode)TC0000452109 035 $a(PQKBWorkID)10468296 035 $a(PQKB)10098403 035 $a(NjHacI)992670000000054088 035 $a(EXLCZ)992670000000054088 100 $a20160829d2010 uy 101 0 $aeng 135 $aur||||||||||| 181 $ctxt 182 $cc 183 $acr 200 10$a2010 First International Workshop on the Web and Requirements Engineering 210 31$a[Place of publication not identified]$cI E E E$d2010 215 $a1 online resource $cillustrations 300 $aBibliographic Level Mode of Issuance: Monograph 311 $a1-4244-8798-6 320 $aIncludes bibliographical references. 606 $aRequirements engineering 615 0$aRequirements engineering. 676 $a658.5 702 $aIEEE Staff 801 0$bPQKB 906 $aPROCEEDING 912 $a996218713703316 996 $a2010 First International Workshop on the Web and Requirements Engineering$92504548 997 $aUNISA